Title in the Lyrics -- Songs That Start With G #2 - Statistics

General Stats
  • This quiz has been taken 324 times
  • The average score is 3 of 15
Answer Stats
Hint Answer % Correct
I'm a _____ __ _ ______ / You gotta rub me the right way Genie in a Bottle
68%
I do my hair toss / Check my nails / Baby how you feelin'? / Feeling ____ __ ____ Good as Hell
64%
___ ____, ___ ____ / ___ ____ to where you once belonged Get Back
35%
My one, when all is said and done / You'll believe ___ __ _ _____ God is a Woman
31%
You can __ ____ ___ ___ / __ ____ ___ ___ / You can call it / Another lonely day Go Your Own Way
21%
Time is slipping away / Away from us so stay / Stay with me I can make / Make you ____ ___ ____ Glad You Came
20%
____ _ ______ ___ / ____ _ ______ ___ of your love to me / I'll ____ _ ______ ___ of my life for you Give a Little Bit
18%
Let me show you how proud I am to be yours / Leave this dress a mess on the floor / And still look ____ __ ___, ____ ___ ___ Good for You
12%
_______, on a Sunday afternoon / Really couldn't get away too soon Groovin'
11%
_____ _____ _____ / Red lips, fingertips Girls, Girls, Girls
9%
_____ ____, _____ ____ / I hold back, sometimes I won't, yuh / I feel good sometimes I don't, ay, don't God's Plan
9%
Don't wanna break your heart / Wanna ____ ____ _____ _ _____ Give Your Heart a Break
8%
Oh won't you / _____ _____ _____, _____ _____ _____, mister / _____ _____ _____ towards the door? Gimme Three Steps
7%
Hey, you, ___ ___ __ __ _____ / Don't hang around 'cause two's a crowd Get Off of my Cloud
5%
And I sense a rhythm humming in a frenzy / All the way down her spine / _____ __ ____ / _____ __ ____ Girls on Film
3%
No matching quizzes found
Score Distribution
Percent of People with Each Score
Percentile by Number Answered
Your Score History
You have not taken this quiz